_Taking Sides Clashing views in Adolescence / Maureen Drysdale (Record no. 14922)
[ view plain ]
| 000 -LEADER | |
|---|---|
| fixed length control field | 00504nam a2200169Ia 4500 |
| 008 - FIXED-LENGTH DATA ELEMENTS--GENERAL INFORMATION | |
| fixed length control field | 151021s9999 xx 000 0 und d |
| 020 ## - INTERNATIONAL STANDARD BOOK NUMBER | |
| International Standard Book Number | 73515086 |
| 050 ## - LIBRARY OF CONGRESS CALL NUMBER | |
| Classification number | HQ 796 .T344 2007 |
| 245 ## - TITLE STATEMENT | |
| Title | _Taking Sides Clashing views in Adolescence / Maureen Drysdale |
| 260 ## - PUBLICATION, DISTRIBUTION, ETC. (IMPRINT) | |
| Place of publication, distribution, etc. | New York : McGraw Hill, 2007 |
| 300 ## - PHYSICAL DESCRIPTION | |
| Extent | xxiv,407 p. |
| 500 ## - GENERAL NOTE | |
| General note | Includes index |
| 500 ## - GENERAL NOTE | |
| General note | Includes index |
| 650 ## - SUBJECT ADDED ENTRY--TOPICAL TERM | |
| Topical term or geographic name as entry element | _clashing views in adolescence |
| 700 ## - ADDED ENTRY--PERSONAL NAME | |
| Personal name | _BJ Rye |
| 980 ## - EQUIVALENCE OR CROSS-REFERENCE-SERIES STATEMENT--PERSONAL NAME/TITLE [LOCAL, CANADA] | |
| Personal name | ^d20140604 01:30:37^omwanik |
No items available.